00309 a2200109 450000500170000002000220001708200170003924500600005626000490011630000160016570000180018120250618113623.0 a978-1-905783-14-4 a658.3225 ELL aEmployee Share Plans:International Legal and Tax Issues aLondonbGlobe Business Publishing Ltdc2008. a337p.c24cm aPaul Ellerman